00630nam a2200205Ia 4500008004100000020001600041082001300057100001600070245001200086250000800098260002800106300001200134500002400146650001600170700001600186942000700202952010000209952010000309999001500409230524s9999 xx 000 0 und d a81731907701 a512bSAH aVivek Sahai 0aAlgebra a2ND aNEW DELHIbNarosac1999 aXII;289 aQuantity Number: 2 aMathematics a Vikas Bist cBK 00104070aTATCLbTATCLcGENd2023-05-24l0o512 SAHp6609r2023-05-24w2023-05-24yBKzBS1101 00104070aTATCLbTATCLcGENd2023-05-24l0o512 SAHp6610r2023-05-24w2023-05-24yBKzBS1101 c3871d3871